| 000 | 00372nam a2200133Ia 4500 | ||
|---|---|---|---|
| 008 | 220217s9999||||xx |||||||||||||| ||und|| | ||
| 020 | _a9788126516582 | ||
| 082 | _a5.13 | ||
| 100 |
_aShukla, Rajesh K _98142 |
||
| 245 | 0 | _aObject oriented programming in C++ | |
| 260 |
_aWiley india _bNew Delhi _c2016 |
||
| 300 |
_aXXIV, 456p. _b449 |
||
| 650 | _aPROGRAMMING LANGUAGE | ||
| 999 |
_c186747 _d186747 |
||